00779 a2200169 45000010006000000050017000060080041000230030015000640400040000790800038001192450111001570200018002682640041002863000019003275050233003461000030005795428420260407155814.0260407a1991 arg spa dAR-UNSa-BCEJYS aAR-UNSa-BCEJYSbspacAR-UNSa-BCEJYS a336.74xMoneda. Sistema monetario10aDesindexación, el retorno al nominalismopanálisis de la ley Nº 23.928 de convertibilidad del austral a950-20-0602-x 1aBuenos Aires :bAbeledo Perrotc1991 a191 p.c18 cm. a1. Esquema de situación a marzo de 1991 - 2. La ley 23.928 - 3. La regulación jurídica del nominalismo:Un retorno a lo clásico - 4. Las dedudas en moneda extranjera - 5. Una incognita:Las dedudas de valor - 6. Prognosis 1 aAlterini, Atilio Aníbal